| 000 | 00380nam a2200097Ia 4500 | ||
|---|---|---|---|
| 008 | 180130s9999 xx 000 0 und d | ||
| 245 |
_cHindle, A. _aThe perils of energy mining: measure a bunch, compare just once |
||
| 260 | _c2016 | ||
| 300 | _aBook title: Perspectives on data science for software engineering--Acession number C20893; pages 97-102 | ||
| 650 | _aSOFTWARE ENGINEERING | ||
| 999 |
_c354298 _d354298 |
||